| 000 | 00479nam a2200181Ia 4500 | ||
|---|---|---|---|
| 001 | 8790 | ||
| 005 | 20260306160636.0 | ||
| 008 | 260306t2010||||xx |||||||||||||| ||spa|| | ||
| 041 | _aESP | ||
| 082 |
_a371.334 _bS54 |
||
| 100 |
_aSilva Salinas, Sonia _eAUT |
||
| 245 | 0 |
_aInformática educativa: _busos y aplicaciones de las nuevas tecnologías en el aula |
|
| 260 | _c2010 | ||
| 300 |
_a143 páginas : _c24 cm. |
||
| 650 | _aGEN | ||
| 654 | _aCED | ||
| 942 |
_cLIB _dJUS _fJUS _2ddc _n |
||
| 999 |
_c8790 _d8790 |
||